| 000 | 00520nam a2200169Ia 4500 | ||
|---|---|---|---|
| 008 | 230917s9999||||xx |||||||||||||| ||und|| | ||
| 020 | _cRS450 | ||
| 040 |
_e243947 _aMAIN |
||
| 041 | _aEnglish | ||
| 082 | _a780.954 S64A | ||
| 100 | _aSingh, Sanjay Kumar | ||
| 245 | 0 | _aAadhunik paripreksheya mein 'Bharat' ke natya sangeet ke prasangikta evam sangeet shastra | |
| 260 |
_aNew Delhi _bKanishka Publishers _c2015 |
||
| 300 | _axix, 129 p. | ||
| 500 | _a2973 12/12/2017 HBD18/7114 12/12/2017 Main Budget | ||
| 942 | _cBK | ||
| 999 |
_c24966 _d24966 |
||